साइबर स्पेस और मीडिया (Record no. 1012395)

MARC details
000 -LEADER
fixed length control field 00857nam a2200253Ia 4500
003 - CONTROL NUMBER IDENTIFIER
control field OSt
005 - DATE AND TIME OF LATEST TRANSACTION
control field 20221005104331.0
008 - FIXED-LENGTH DATA ELEMENTS--GENERAL INFORMATION
fixed length control field 221004b |||||||| |||| 00| 0 hin d
020 ## - INTERNATIONAL STANDARD BOOK NUMBER
International Standard Book Number 8177830503 (hbk)
037 ## - SOURCE OF ACQUISITION
Terms of availability Textual
040 ## - CATALOGING SOURCE
Original cataloging agency CRL
Transcribing agency CRL
Language of cataloging hin
041 ## - LANGUAGE CODE
Source of code hin
Language code of text/sound track or separate title hin
100 ## - MAIN ENTRY--PERSONAL NAME
Personal name पचौरी, सुधीश
245 #0 - TITLE STATEMENT
Title साइबर स्पेस और मीडिया
246 ## - VARYING FORM OF TITLE
Title proper/short title Sāibar spes aur mīḍiyā
260 ## - PUBLICATION, DISTRIBUTION, ETC.
Place of publication, distribution, etc. दिल्ली
Name of publisher, distributor, etc. प्रवीण प्रकाशन भारत
Date of publication, distribution, etc. 2003
300 ## - PHYSICAL DESCRIPTION
Extent 271पृ0
Dimensions cm.
942 ## - ADDED ENTRY ELEMENTS (KOHA)
Classification part 4,1, 152P3
Koha item type Textual
Source of classification or shelving scheme
Holdings
Withdrawn status Lost status Damaged status Not for loan Home library Current library Date acquired Source of acquisition Cost, normal purchase price Total Checkouts Full call number Barcode Date last seen Date last checked out Cost, replacement price Price effective from Koha item type
        Central Library Arts Library 2022-10-05 380, 04/03/2010, Swaraj Prakashan 300.00 1 4,1 152P3 CL1452083 2026-03-23 2026-02-20 300.00 2022-10-05 Textual
Copyright @ Delhi University Library System